Sher al-ghazal (Record no. 1465777)

MARC details
000 -LEADER
fixed length control field 00705 a2200229 4500
005 - DATE AND TIME OF LATEST TRANSACTION
control field 20260430105513.0
008 - FIXED-LENGTH DATA ELEMENTS--GENERAL INFORMATION
fixed length control field 260430b |||||||| |||| 00| 0 eng d
020 ## - INTERNATIONAL STANDARD BOOK NUMBER
International Standard Book Number 9774380602 (hbk)
037 ## - SOURCE OF ACQUISITION
Terms of availability TB
040 ## - CATALOGING SOURCE
Original cataloging agency AL
Transcribing agency AL
041 ## - LANGUAGE CODE
Source of code ARB
Language code of text/sound track or separate title ARB
084 ## - COLON CLASSIFICATION NUMBER
Classification number O28,1:g P9
Assigning agency AL
100 ## - MAIN ENTRY--PERSONAL NAME
Personal name Shahatah, Mohammad Ahmad
9 (RLIN) 854003
245 ## - TITLE STATEMENT
Title Sher al-ghazal
260 ## - PUBLICATION, DISTRIBUTION, ETC.
Place of publication, distribution, etc. Alexandria, Egypt:
Name of publisher, distributor, etc. Al-maktaba al-jamie al-hadees,
Date of publication, distribution, etc. 2010.
300 ## - PHYSICAL DESCRIPTION
Extent 96p.
365 ## - TRADE PRICE
Price amount 700.00
Currency code INR
650 ## - SUBJECT ADDED ENTRY--TOPICAL TERM
Topical term or geographic name entry element Arabic Literature
650 ## - SUBJECT ADDED ENTRY--TOPICAL TERM
Topical term or geographic name entry element Arabic Poetry
942 ## - ADDED ENTRY ELEMENTS (KOHA)
Koha item type Textbook
Source of classification or shelving scheme Colon Classification (CC)
Classification part O28,1:g P9
Holdings
Withdrawn status Lost status Source of classification or shelving scheme Damaged status Not for loan Home library Current library Date acquired Source of acquisition Cost, normal purchase price Inventory number Total Checkouts Full call number Barcode Date last seen Cost, replacement price Price effective from Koha item type
    Colon Classification (CC)     Arts Library Arts Library 2025-12-19 Nadwi Publications 560.00 2016 & 16.12.2025   O28,1:g P9 AL1805084 2025-12-19 700.00 2025-12-19 Textbook
Copyright @ Delhi University Library System